| 000 | 00633nam a22002297a 4500 | ||
|---|---|---|---|
| 005 | 20170124110215.0 | ||
| 010 | _aA-861914 | ||
| 020 | _c80.00 | ||
| 035 | _aA-861914 | ||
| 037 | _bCen Lib/Ret | ||
| 040 |
_aDPL _bEN |
||
| 082 |
_a613 _bGUP |
||
| 100 |
_aGupta, M. K _911773 |
||
| 245 |
_aHealth charts and tables for you / _ccompiled by M. K. Gupta |
||
| 250 | _a2nd rev. ed | ||
| 260 |
_aDelhi _bPustak Mahal _c1997 |
||
| 270 |
_a6686, Khari Baoli _bDelhi _e110006 |
||
| 300 |
_a144. : _c24cm(pbk) _bill. |
||
| 650 |
_aHealth _938928 |
||
| 650 |
_aHealth--Diet charts _938929 |
||
| 942 |
_2ddc _cEN _h613 _mGUP |
||
| 999 |
_c133792 _d133792 |
||